| Поле | Название | Значение |
| |
Тип записи |
a |
| |
Библиографический уровень |
m |
| 001 |
Контрольный номер |
e1557c4b8d564e09b51bc1f29a752297 |
| 005 |
Дата корректировки |
20140526192808.6 |
| 200 |
Заглавие и сведения об ответственности |
__ |
| a |
Заглавие |
Транснациональные корпорации в информационном обществе |
| f |
Первые сведения об ответственности |
Курицкий Александр Борисович |
| 210 |
Выходные данные |
__ |
| a |
Место издания |
СПб. |
| c |
Издательство |
Судостроение |
| d |
Дата издания |
1998 |
| 215 |
Физическое описание |
__ |
| a |
Объем |
227 |
| 300 |
Общие примечания |
__ |
| a |
Общие примечания |
1экз. |
| 610 |
Ключевые слова |
__ |
| a |
Ключевые слова |
ТНК |
| 686 |
Индексы других классификаций |
__ |
| a |
Классификационный индекс |
65.8 |
| 2 |
Код системы |
rubbk |
| 686 |
Индексы других классификаций |
__ |
| a |
Классификационный индекс |
65.8-13+65.5 |
| 2 |
Код системы |
rubbk |
| 700 |
Автор |
__ |
| a |
Фамилия |
Курицкий Александр Борисович |
| 801 |
Источник записи |
_0 |
| a |
Страна |
RU |
| b |
Организация |
РУК |
| c |
Дата составления |
20021106 |
| g |
Правила каталогизации |
PSBO |
| 801 |
Источник записи |
_1 |
| a |
Страна |
RU |
| b |
Организация |
РУК |
| c |
Дата составления |
20021106 |
| g |
Правила каталогизации |
PSBO |
| 852 |
Данные о местонахождении |
__ |
| i |
Авторский знак |
К93 |
| j |
Шифр хранения |
65.8-13+65.5 |
| 901 |
Тип документа |
__ |
| t |
Тип документа |
m |
| 938 |
Служебная информация |
__ |
| a |
Название организации |
Головной вуз |
| b |
Имя БД |
BOOK |
| c |
Название АИБС |
АИБС ИРБИС |